000
00324nam a2200157Ia 4500
100
_a
Aruldhas/G
650
_a
Physics
942
_c
BK
366
_f
20
245
_a
Engineering physics
260
_b
Prentice Hall of India
_c
2010
082
_a
530
_b
ARU
300
_a
389
546
_a
ENGLISH
_c
Computers
999
_c
23613
_d
23613